[Event "25th Klatovy B 2017"]
[Site "Klatovy CZE"]
[Date "2017.07.03"]
[Round "3.50"]
[White "Stegner, Mathias 2007"]
[Black "Stanke, Vilem"]
[Result "0-1"]
[WhiteElo "1100"]
[BlackElo "1334"]
[PlyCount "114"]
[EventDate "2017.07.01"]
[EventType "swiss"]
[EventRounds "9"]
[EventCountry "CZE"]

1. e4 e5 2. Nf3 Nc6 3. Bc4 Bc5 4. Bb5 a6 5. Bxc6 dxc6 6. Nxe5 Qh4 7. O-O Qxe4 8. Re1 Qf5 9. Qe2 Ne7 10. Nd3 Bd6 11. Nc3 Qg6 12. Ne4 O-O 13. Nxd6 cxd6 14. Qxe7 Bf5 15. Nf4 Qf6 16. Qxf6 gxf6 17. c4 Kg7 18. Re3 Rae8 19. Rxe8 Rxe8 20. h3 Re4 21. Nh5+ Kg6 22. Ng3 Rxc4 23. Nxf5 Kxf5 24. d3 Rd4 25. Be3 Rxd3 26. Rc1 Rd5 27. g4+ Kg6 28. Kh2 Rb5 29. b3 Rb4 30. Rc4 Rb5 31. b4 a5 32. a4 Rxb4 33. Rxb4 axb4 34. Bd2 c5 35. Kg3 f5 36. gxf5+ Kxf5 37. Kf3 b3 38. Bc3 d5 39. Ke3 d4+ 40. Kd3 dxc3 41. Kxc3 c4 42. Kb2 Ke4 43. Kc3 Kf3 44. Kxc4 b2 45. Kb5 b1=Q+ 46. Ka5 Qb6+ 47. Kxb6 Kxf2 48. Kxb7 f5 49. a5 f4 50. a6 f3 51. a7 Kg1 52. a8=Q f2 53. Kb8 Kh2 54. Qa4 f1=Q 55. h4 Qg2 56. Qe4 Qxe4 57. Kc7 Qxh4 0-1

[Event "25th Klatovy B 2017"]
[Site "Klatovy CZE"]
[Date "2017.07.03"]
[Round "3.51"]
[White "Velkoborsky, Tadeas"]
[Black "Zimmermann, Ladislav"]
[Result "1-0"]
[WhiteElo "1100"]
[BlackElo "1320"]
[PlyCount "153"]
[EventDate "2017.07.01"]
[EventType "swiss"]
[EventRounds "9"]
[EventCountry "CZE"]

1. e4 c5 2. Nf3 Nc6 3. Bc4 g6 4. O-O e6 5. Nc3 Bg7 6. d3 Nge7 7. Bg5 f6 8. Be3 d6 9. Qd2 O-O 10. Bh6 a6 11. Bxg7 Kxg7 12. d4 b5 13. Be2 b4 14. Na4 cxd4 15. Nxd4 e5 16. Nxc6 Nxc6 17. Rad1 a5 18. Qxd6 Qxd6 19. Rxd6 Nd4 20. Bd3 Be6 21. c3 Rad8 22. Rxd8 Rxd8 23. cxd4 Rxd4 24. Bb1 b3 25. axb3 Bxb3 26. Nc5 Bc4 27. Rc1 Bf7 28. Bd3 a4 29. Bc2 Rc4 30. Nxa4 Rb4 31. Rd1 Be8 32. b3 Kf7 33. Nc5 Ke7 34. f3 Rb5 35. Rd5 Ra5 36. b4 Ra1+ 37. Rd1 Ra2 38. Ba4 Bxa4 39. Nxa4 Rxa4 40. Rb1 Kd7 41. g3 Kc6 42. b5+ Kb6 43. Kg2 Rd4 44. Kh3 Rd3 45. Kg2 Rd2+ 46. Kh3 h6 47. f4 exf4 48. gxf4 Rd3+ 49. Kg2 Rd2+ 50. Kg3 Rd3+ 51. Kg2 f5 52. exf5 gxf5 53. Re1 Rd5 54. Re6+ Kxb5 55. Rxh6 Kc4 56. Rf6 Kd4 57. Kf3 Kd3 58. h4 Kd2 59. h5 Rd3+ 60. Kf2 Rh3 61. Rxf5 Kd3 62. Kg2 Rh4 63. Kg3 Rh1 64. Kg4 Rg1+ 65. Kh4 Rh1+ 66. Kg5 Rg1+ 67. Kh6 Ke4 68. Rg5 Rh1 69. Kg6 Kxf4 70. h6 Rd1 71. Rf5+ Kg4 72. h7 Rd8 73. Rf7 Rd6+ 74. Kg7 Kg5 75. h8=Q Rg6+ 76. Kf8 Ra6 77. Qe5+ 1-0

[Event "25th Klatovy B 2017"]
[Site "Klatovy CZE"]
[Date "2017.07.03"]
[Round "3.52"]
[White "Nagyova, Daniela"]
[Black "Velkoborsky, Jan"]
[Result "1-0"]
[WhiteElo "1164"]
[BlackElo "1058"]
[PlyCount "73"]
[EventDate "2017.07.01"]
[EventType "swiss"]
[EventRounds "9"]
[EventCountry "CZE"]

1. e4 e5 2. Nf3 Nc6 3. Bc4 Bc5 4. c3 Nf6 5. d4 exd4 6. e5 Ng4 7. cxd4 Bb4+ 8. Nc3 O-O 9. O-O d6 10. h3 Nh6 11. Bxh6 gxh6 12. Qd2 Bxc3 13. bxc3 Qd7 14. Qxh6 Qf5 15. exd6 cxd6 16. Qxd6 Qg6 17. Qh2 Bf5 18. Nh4 Qg5 19. Nxf5 Qxf5 20. Qg3+ Qg6 21. Qf3 Rac8 22. Bd3 Qh6 23. Rfe1 Rce8 24. Bc4 Rxe1+ 25. Rxe1 Qg6 26. Re4 Qh6 27. Rf4 Nd8 28. Qe4 Qc6 29. d5 Qh6 30. Bd3 Qh5 31. Rh4 f5 32. Rxh5 fxe4 33. Bxe4 Rf7 34. d6 Rg7 35. c4 b6 36. Re5 Nf7 37. Re8# 1-0

[Event "25th Klatovy B 2017"]
[Site "Klatovy CZE"]
[Date "2017.07.03"]
[Round "3.53"]
[White "Skalicky, Jindrich"]
[Black "Krejbich, Lukas"]
[Result "1/2-1/2"]
[WhiteElo "1274"]
[BlackElo "1041"]
[PlyCount "34"]
[EventDate "2017.07.01"]
[EventType "swiss"]
[EventRounds "9"]
[EventCountry "CZE"]

1. Nf3 Nc6 2. e4 e5 3. Bb5 a6 4. Bxc6 dxc6 5. O-O Bd6 6. d4 exd4 7. Qxd4 f6 8. e5 Be7 9. Qxd8+ Bxd8 10. Re1 Ne7 11. exf6 gxf6 12. Nd4 O-O 13. Ne6 Bxe6 14. Rxe6 Nd5 15. Bh6 Kf7 16. Bxf8 Kxe6 17. Nc3 Nxc3 1/2-1/2

[Event "25th Klatovy B 2017"]
[Site "Klatovy CZE"]
[Date "2017.07.03"]
[Round "3.54"]
[White "Valdman, Jakub"]
[Black "Zilava, Anezka"]
[Result "0-1"]
[WhiteElo "1070"]
[BlackElo "1245"]
[PlyCount "72"]
[EventDate "2017.07.01"]
[EventType "swiss"]
[EventRounds "9"]
[EventCountry "CZE"]

1. e4 e5 2. Nf3 Nc6 3. Bb5 Nf6 4. Nc3 Bc5 5. h3 a6 6. Bxc6 dxc6 7. O-O Qd6 8. d3 Be6 9. Bg5 h6 10. Bh4 Nh5 11. Ne2 g5 12. Bg3 Nxg3 13. Nxg3 g4 14. hxg4 Bxg4 15. Nf5 Qg6 16. N5h4 Qf6 17. g3 Rg8 18. Kg2 O-O-O 19. Qe2 Bh5 20. Rad1 Qxh4 21. Rh1 Qg5 22. Rh3 Bg4 23. Rh4 Bxf3+ 24. Qxf3 Qxh4 25. Rh1 Qf4 26. Qxf4 exf4 27. Rh3 Rd6 28. c3 Rxd3 29. a3 f3+ 30. Kh2 Bxf2 31. Rh4 Bxg3+ 32. Kh1 Bxh4 33. c4 Rd1+ 34. Kh2 f2 35. c5 f1=Q 36. b4 Rd2# 0-1

[Event "25th Klatovy B 2017"]
[Site "Klatovy CZE"]
[Date "2017.07.04"]
[Round "4.1"]
[White "Novotny, David"]
[Black "Soukal, Roman"]
[Result "0-1"]
[WhiteElo "1725"]
[BlackElo "1931"]
[PlyCount "36"]
[EventDate "2017.07.01"]
[EventType "swiss"]
[EventRounds "9"]
[EventCountry "CZE"]

1. d4 Nf6 2. c4 g6 3. Nc3 Bg7 4. e4 d6 5. f3 c6 6. Be3 Nbd7 7. Qd2 O-O 8. Bh6 e5 9. d5 Qc7 10. h4 Nh5 11. Nge2 f5 12. exf5 gxf5 13. Qg5 Ndf6 14. g4 fxg4 15. fxg4 Nxg4 16. Bh3 Nxh6 17. Qxh5 Bxh3 18. Rg1 Kh8 0-1

[Event "25th Klatovy B 2017"]
[Site "Klatovy CZE"]
[Date "2017.07.04"]
[Round "4.2"]
[White "Masek, Jan"]
[Black "Simacek, Vaclav"]
[Result "0-1"]
[WhiteElo "1915"]
[BlackElo "1830"]
[PlyCount "106"]
[EventDate "2017.07.01"]
[EventType "swiss"]
[EventRounds "9"]
[EventCountry "CZE"]

1. e4 Nc6 2. d4 d5 3. e5 Bf5 4. c3 f6 5. f4 Nh6 6. Bd3 e6 7. Nf3 Qd7 8. Qe2 Bxd3 9. Qxd3 Be7 10. b4 a5 11. b5 Na7 12. a4 c6 13. Na3 Nf7 14. O-O O-O 15. Bd2 fxe5 16. fxe5 c5 17. Nc2 Nc8 18. Be3 Nb6 19. Bc1 Nc4 20. Ne3 cxd4 21. cxd4 Rac8 22. Ng4 Nh8 23. h4 Ng6 24. g3 Rf5 25. Kg2 Rcf8 26. Ra2 h5 27. Ngh2 Qe8 28. Kg1 Bd8 29. Qe2 Bb6 30. Ba3 Nxa3 31. Rxa3 Qc8 32. Kg2 Bd8 33. Kg1 R8f7 34. Qd3 Rc7 35. Nd2 Rc1 36. Nhf3 Be7 37. Ra1 Rc3 38. Qe2 Rc2 39. Ne1 Rxf1+ 40. Kxf1 Qf8+ 41. Kg2 Rb2 42. Nd3 Rc2 43. Rf1 Qc8 44. Rf2 Qc3 45. Qe3 Bb4 46. Nb1 Rxf2+ 47. Kxf2 Qc2+ 48. Qe2 Qxb1 49. Nxb4 axb4 50. Qd2 b3 51. Ke3 Ne7 52. Qc3 Nf5+ 53. Kf3 Qe4+ 0-1

[Event "25th Klatovy B 2017"]
[Site "Klatovy CZE"]
[Date "2017.07.04"]
[Round "4.3"]
[White "Zednik, Zdenek"]
[Black "Cyron, Karel"]
[Result "1/2-1/2"]
[WhiteElo "1950"]
[BlackElo "1774"]
[PlyCount "110"]
[EventDate "2017.07.01"]
[EventType "swiss"]
[EventRounds "9"]
[EventCountry "CZE"]

1. e4 Nf6 2. e5 Nd5 3. d4 d6 4. c4 Nb6 5. exd6 cxd6 6. Bd3 g6 7. Ne2 Bg7 8. Nbc3 O-O 9. O-O Nc6 10. Be3 e5 11. d5 Ne7 12. Ng3 f5 13. f4 e4 14. Be2 Nd7 15. Bd4 Nf6 16. Re1 Re8 17. Nf1 b6 18. Ne3 Bb7 19. g4 fxg4 20. Bxg4 Nxg4 21. Nxg4 Nf5 22. Bxg7 Kxg7 23. Re2 h5 24. Ne3 Qf6 25. Ng2 Ba6 26. Rxe4 Rxe4 27. Nxe4 Qxb2 28. Rc1 Qxg2+ 29. Kxg2 Ne3+ 30. Kf3 Nxd1 31. Rxd1 Bxc4 32. Nxd6 Bxa2 33. Nb7 Bb3 34. Rd4 Kf6 35. d6 Be6 36. d7 Bxd7 37. Rxd7 Rc8 38. Rd6+ Kf5 39. Rd5+ Kf6 40. Rd3 Rc4 41. Nd6 Ra4 42. Ne4+ Ke7 43. Nc3 Rc4 44. Nd5+ Ke6 45. Ne3 Ra4 46. Nd5 Rc4 47. Ne3 Ra4 48. Rc3 Ra2 49. h4 Ra4 50. Rc6+ Kf7 51. Nc4 Kg7 52. Ne5 Ra3+ 53. Ke4 Ra4+ 54. Ke3 Ra3+ 55. Ke4 Ra4+ 1/2-1/2

[Event "25th Klatovy B 2017"]
[Site "Klatovy CZE"]
[Date "2017.07.04"]
[Round "4.4"]
[White "Krupansky, Jaromir"]
[Black "Sibl, Vaclav"]
[Result "1-0"]
[WhiteElo "1764"]
[BlackElo "1961"]
[PlyCount "85"]
[EventDate "2017.07.01"]
[EventType "swiss"]
[EventRounds "9"]
[EventCountry "CZE"]

1. e4 d6 2. d4 Nf6 3. Nc3 Nbd7 4. Nf3 e5 5. a4 a5 6. Be2 Be7 7. O-O c6 8. Bg5 Qc7 9. Re1 h6 10. Be3 O-O 11. Nh4 Re8 12. Nf5 Bf8 13. Qd2 exd4 14. Qxd4 Nc5 15. Nxh6+ Kh7 16. Nf5 Nfxe4 17. Ng3 Nxg3 18. Qh4+ Kg8 19. Qxg3 Bf5 20. Bxc5 Bxc2 21. Rac1 Bf5 22. Be3 Qd7 23. Bf3 d5 24. Ne2 Bd6 25. Bf4 Bb4 26. Be5 f6 27. Bc3 Bd6 28. Qh4 Be5 29. Bxe5 fxe5 30. Ng3 e4 31. Bd1 g6 32. Nxf5 Qxf5 33. Re3 Kg7 34. Rh3 Rg8 35. Rcc3 Qe5 36. Qg4 Rad8 37. Rcg3 Qf6 38. Qg5 Qxg5 39. Rxg5 Rd6 40. Rhg3 Kh6 41. h4 d4 42. h5 gxh5 43. Rxh5# 1-0

[Event "25th Klatovy B 2017"]
[Site "Klatovy CZE"]
[Date "2017.07.04"]
[Round "4.5"]
[White "Jirasek, Jiri"]
[Black "Parpel, Petr"]
[Result "1-0"]
[WhiteElo "1874"]
[BlackElo "1758"]
[PlyCount "87"]
[EventDate "2017.07.01"]
[EventType "swiss"]
[EventRounds "9"]
[EventCountry "CZE"]

1. d4 Nf6 2. c4 g6 3. Nc3 Bg7 4. e4 d6 5. f3 O-O 6. Be3 Re8 7. Qd2 e5 8. d5 Nbd7 9. g4 a5 10. Nge2 Nc5 11. O-O-O b6 12. Ng3 a4 13. h4 a3 14. Kb1 axb2 15. Qxb2 Na4 16. Nxa4 Rxa4 17. Rc1 Bd7 18. Be2 Qa8 19. Bd1 Ra6 20. h5 Qb7 21. g5 Rea8 22. gxf6 Rxa2 23. Qxa2 Rxa2 24. Kxa2 Bxf6 25. hxg6 fxg6 26. Bb3 c5 27. dxc6 Bxc6 28. c5+ d5 29. Rhd1 bxc5 30. Rxc5 Kg7 31. exd5 Qa7+ 32. Kb2 e4+ 33. Kc2 Ba4 34. Nxe4 Bxb3+ 35. Kxb3 Qb6+ 36. Kc2 Qb2+ 37. Kd3 h5 38. Rc7+ Kf8 39. Nxf6 Qxf6 40. Ke2 h4 41. d6 h3 42. d7 h2 43. d8=Q+ Qxd8 44. Rxd8# 1-0

[Event "25th Klatovy B 2017"]
[Site "Klatovy CZE"]
[Date "2017.07.04"]
[Round "4.6"]
[White "Vavrinek, Tomas"]
[Black "Perik, Alois"]
[Result "1/2-1/2"]
[WhiteElo "1750"]
[BlackElo "1870"]
[PlyCount "41"]
[EventDate "2017.07.01"]
[EventType "swiss"]
[EventRounds "9"]
[EventCountry "CZE"]

1. d4 d5 2. Nf3 c6 3. Bf4 Nf6 4. e3 Bg4 5. Be2 e6 6. h3 Bh5 7. Nbd2 Bd6 8. Ne5 Bxe2 9. Qxe2 Qc7 10. Nd3 Nbd7 11. Bxd6 Qxd6 12. O-O O-O 13. c4 Rfe8 14. cxd5 exd5 15. Rfc1 Ne4 16. Nxe4 dxe4 17. Nc5 Nxc5 18. Rxc5 Re6 19. Rac1 h6 20. Qh5 Rae8 21. b4 1/2-1/2

[Event "25th Klatovy B 2017"]
[Site "Klatovy CZE"]
[Date "2017.07.04"]
[Round "4.7"]
[White "Pravda, Krystof"]
[Black "Micka, Norbert"]
[Result "0-1"]
[WhiteElo "1636"]
[BlackElo "1823"]
[PlyCount "42"]
[EventDate "2017.07.01"]
[EventType "swiss"]
[EventRounds "9"]
[EventCountry "CZE"]

1. e4 e6 2. d4 d5 3. Nd2 Nf6 4. e5 Nfd7 5. Bd3 c5 6. c3 Nc6 7. Ne2 cxd4 8. cxd4 f6 9. Nf4 Nxd4 10. Qh5+ Ke7 11. Ng6+ hxg6 12. Qxh8 Nxe5 13. Bb1 Qc7 14. Kd1 Kf7 15. Nf3 Nexf3 16. gxf3 Qc4 17. Be3 Qe2+ 18. Kc1 Nf5 19. Bxf5 exf5 20. Qh4 Be6 21. Qd4 Rc8+ 0-1

[Event "25th Klatovy B 2017"]
[Site "Klatovy CZE"]
[Date "2017.07.04"]
[Round "4.8"]
[White "Lener, Jaroslav 1975"]
[Black "Bainhofner, Jiri"]
[Result "1/2-1/2"]
[WhiteElo "1750"]
[BlackElo "1755"]
[PlyCount "31"]
[EventDate "2017.07.01"]
[EventType "swiss"]
[EventRounds "9"]
[EventCountry "CZE"]

1. d4 d5 2. c4 c6 3. e3 Bf5 4. Nc3 e6 5. Nf3 Nd7 6. cxd5 exd5 7. Bd3 Bxd3 8. Qxd3 Ngf6 9. O-O Bb4 10. Ne2 Ne4 11. Bd2 Nxd2 12. Nxd2 O-O 13. a3 Bd6 14. e4 dxe4 15. Nxe4 Nf6 16. Nxd6 1/2-1/2

[Event "25th Klatovy B 2017"]
[Site "Klatovy CZE"]
[Date "2017.07.04"]
[Round "4.9"]
[White "Hartmann, Andreas 1969"]
[Black "Nechutny, Michal"]
[Result "1/2-1/2"]
[WhiteElo "1685"]
[BlackElo "1766"]
[PlyCount "53"]
[EventDate "2017.07.01"]
[EventType "swiss"]
[EventRounds "9"]
[EventCountry "CZE"]

1. c4 e5 2. Nc3 Nf6 3. g3 Nc6 4. Bg2 Bb4 5. e3 O-O 6. Nge2 d6 7. O-O Bf5 8. d3 Qd7 9. a3 Bxc3 10. Nxc3 Rfe8 11. b4 Bh3 12. Bb2 Bxg2 13. Kxg2 Ne7 14. Qf3 c6 15. Ne4 Nxe4 16. dxe4 Qe6 17. Qe2 f5 18. exf5 Nxf5 19. Rfd1 Rf8 20. Rd2 Rad8 21. Rad1 Nh6 22. h3 Nf7 23. f4 exf4 24. exf4 Qxe2+ 25. Rxe2 Rfe8 26. Rde1 Rxe2+ 27. Rxe2 1/2-1/2

[Event "25th Klatovy B 2017"]
[Site "Klatovy CZE"]
[Date "2017.07.04"]
[Round "4.10"]
[White "Kaspar, Lukas"]
[Black "Rychtecky, Pavel"]
[Result "1/2-1/2"]
[WhiteElo "1764"]
[BlackElo "1643"]
[PlyCount "66"]
[EventDate "2017.07.01"]
[EventType "swiss"]
[EventRounds "9"]
[EventCountry "CZE"]

1. Nf3 c5 2. g3 g6 3. Bg2 Bg7 4. O-O Nc6 5. e4 d6 6. c3 Nf6 7. Re1 O-O 8. d4 cxd4 9. Nxd4 Bd7 10. Na3 a6 11. Nac2 Qc7 12. f4 e5 13. Nxc6 bxc6 14. fxe5 dxe5 15. h3 a5 16. Be3 c5 17. Qe2 c4 18. Kh2 Rab8 19. Na3 Be6 20. Rad1 Rfd8 21. Rxd8+ Qxd8 22. Rd1 Qc7 23. Bc1 Nd7 24. Bf1 Nb6 25. Be3 Na4 26. Nxc4 Bxc4 27. Qxc4 Qxc4 28. Bxc4 Nxb2 29. Rb1 a4 30. Bc1 a3 31. Bb3 Rd8 32. Bd5 Rb8 33. Bb3 Rd8 1/2-1/2

[Event "25th Klatovy B 2017"]
[Site "Klatovy CZE"]
[Date "2017.07.04"]
[Round "4.11"]
[White "Leseticky, Vladimir"]
[Black "Mejzr, Jan"]
[Result "1/2-1/2"]
[WhiteElo "1685"]
[BlackElo "1901"]
[PlyCount "78"]
[EventDate "2017.07.01"]
[EventType "swiss"]
[EventRounds "9"]
[EventCountry "CZE"]

1. Nf3 c5 2. e4 e6 3. d4 cxd4 4. Nxd4 a6 5. Bd3 Nf6 6. O-O Qc7 7. Kh1 b5 8. f4 Bb7 9. e5 Ne4 10. Qe2 Nc5 11. f5 Nc6 12. Nxc6 Bxc6 13. fxe6 dxe6 14. Bf4 Be7 15. Nd2 h5 16. Be4 Nxe4 17. Nxe4 h4 18. Nd6+ Bxd6 19. exd6 Qb7 20. h3 Bd5 21. b3 Rc8 22. Rad1 O-O 23. Bg5 Rc3 24. Rd3 Rfc8 25. Qf2 Rxc2 26. Rd2 Rc1 27. Rxc1 Rxc1+ 28. Kh2 Rc3 29. Bxh4 Qd7 30. Be7 Rc6 31. Qf4 f6 32. Qg3 Kf7 33. h4 Rc1 34. Qg4 Qa7 35. Qh5+ Kg8 36. Qe8+ Kh7 37. Qh5+ Kg8 38. Qe8+ Kh7 39. Qh5+ Kg8 1/2-1/2

[Event "25th Klatovy B 2017"]
[Site "Klatovy CZE"]
[Date "2017.07.04"]
[Round "4.12"]
[White "Zimovcak, Zdenek"]
[Black "Flajsman, Pavel"]
[Result "0-1"]
[WhiteElo "1623"]
[BlackElo "1736"]
[PlyCount "99"]
[EventDate "2017.07.01"]
[EventType "swiss"]
[EventRounds "9"]
[EventCountry "CZE"]

1. e4 c6 2. d4 d5 3. exd5 cxd5 4. c3 Nc6 5. Nf3 Nf6 6. Qb3 Qc7 7. Bg5 e6 8. Nbd2 Be7 9. Bd3 h6 10. Bh4 a6 11. h3 O-O 12. Bg3 Bd6 13. Bxd6 Qxd6 14. O-O Bd7 15. Rfe1 b5 16. Ne5 Na5 17. Qc2 Nc4 18. Nxd7 Nxd7 19. a3 Rfc8 20. Qc1 Qf4 21. Nxc4 Qxc1 22. Raxc1 bxc4 23. Bc2 Rab8 24. Rb1 Rb7 25. Re2 Rcb8 26. Bd1 Kf8 27. f3 Ke7 28. Kf2 Kd6 29. Ke3 f6 30. Ba4 Nb6 31. Bd1 e5 32. Bc2 exd4+ 33. Kxd4 Nd7 34. Bf5 Nc5 35. g4 Nb3+ 36. Ke3 Re7+ 37. Kf2 Rxe2+ 38. Kxe2 d4 39. Rd1 d3+ 40. Kf2 Nc5 41. Rd2 Nb3 42. Rd1 Nc5 43. Rd2 Na4 44. b4 cxb3 45. Ke3 Kd5 46. Rh2 Re8+ 47. Kd2 Re2+ 48. Rxe2 dxe2 49. Bc8 Kc4 50. Bxa6+ 0-1

[Event "25th Klatovy B 2017"]
[Site "Klatovy CZE"]
[Date "2017.07.04"]
[Round "4.13"]
[White "Berka, Lubos"]
[Black "Frnoch, Vojtech"]
[Result "1-0"]
[WhiteElo "1822"]
[BlackElo "1660"]
[PlyCount "131"]
[EventDate "2017.07.01"]
[EventType "swiss"]
[EventRounds "9"]
[EventCountry "CZE"]

1. e4 c5 2. Nc3 Nc6 3. g3 e5 4. Bg2 Nf6 5. d3 h6 6. Nge2 d6 7. O-O Be7 8. a4 Bg4 9. h3 Bd7 10. Kh2 O-O 11. f4 Nh7 12. Nd5 f5 13. Nxe7+ Qxe7 14. exf5 Bxf5 15. g4 Bd7 16. f5 Be8 17. Nc3 Bf7 18. Nd5 Bxd5 19. Bxd5+ Kh8 20. Bg2 Qd8 21. Be3 Rb8 22. c3 Qf6 23. Qd2 Na5 24. Bd5 b6 25. Kg3 c4 26. Rab1 cxd3 27. h4 e4 28. Bd4 Qe7 29. Qxh6 Rf6 30. Qf4 Re8 31. Rbe1 Qd7 32. Rxe4 Rxe4 33. Bxe4 Rf8 34. Bxd3 Nf6 35. Re1 Nc6 36. Bxf6 Rxf6 37. g5 Rf8 38. Re6 Ne5 39. Bb5 Qf7 40. Rxd6 Qxf5 41. Qxf5 Rxf5 42. Rd8+ Kh7 43. Be2 Kg6 44. h5+ Kxg5 45. Re8 Kh6 46. Re7 Nc6 47. Re6+ Rf6 48. Rxf6+ gxf6 49. Kf4 Ne7 50. Bf3 Kg7 51. c4 Kf7 52. b4 Ke6 53. c5 bxc5 54. bxc5 Kf7 55. c6 Ke6 56. h6 Ng6+ 57. Ke3 Kd6 58. h7 a5 59. Bh5 Nh8 60. Be8 Kc7 61. Kd4 Kd8 62. Bh5 Kc7 63. Kc5 f5 64. Kb5 f4 65. Bf3 Nf7 66. Kxa5 1-0

[Event "25th Klatovy B 2017"]
[Site "Klatovy CZE"]
[Date "2017.07.04"]
[Round "4.14"]
[White "Flajsman, Zdenek"]
[Black "Davaademberel, Purevdorj 1981"]
[Result "0-1"]
[WhiteElo "1468"]
[BlackElo "1835"]
[PlyCount "56"]
[EventDate "2017.07.01"]
[EventType "swiss"]
[EventRounds "9"]
[EventCountry "CZE"]

1. e4 c5 2. Nf3 Nc6 3. d4 cxd4 4. Nxd4 Nf6 5. Nc3 e5 6. Ndb5 d6 7. Bg5 a6 8. Na3 b5 9. Bxf6 gxf6 10. Nd5 f5 11. Bd3 Be6 12. c3 Rc8 13. Nc2 Bg7 14. Qf3 Bxd5 15. exd5 e4 16. Qe3 Ne7 17. Bxe4 fxe4 18. Qxe4 O-O 19. O-O Ng6 20. Nb4 Rc4 21. Qe3 Re8 22. Qa7 Qg5 23. Kh1 Nh4 24. g3 Nf3 25. Kg2 Qh5 26. Rh1 Qg4 27. Qxa6 Nh4+ 28. Kg1 Qh3 0-1

[Event "25th Klatovy B 2017"]
[Site "Klatovy CZE"]
[Date "2017.07.04"]
[Round "4.15"]
[White "Esterka, Jan"]
[Black "Cipera, Josef"]
[Result "1-0"]
[WhiteElo "1827"]
[BlackElo "1691"]
[PlyCount "87"]
[EventDate "2017.07.01"]
[EventType "swiss"]
[EventRounds "9"]
[EventCountry "CZE"]

1. e4 c5 2. Nf3 Nc6 3. d4 cxd4 4. Nxd4 e6 5. Nxc6 bxc6 6. Bd3 Nf6 7. O-O Be7 8. c4 d5 9. cxd5 cxd5 10. exd5 Nxd5 11. Bb5+ Bd7 12. Bxd7+ Qxd7 13. Bd2 Rd8 14. Bc3 Nxc3 15. Nxc3 O-O 16. Qf3 Qd3 17. Qxd3 Rxd3 18. Rfd1 Rfd8 19. Rxd3 Rxd3 20. Rd1 Rxd1+ 21. Nxd1 Kf8 22. Kf1 Ke8 23. Ke2 Kd7 24. Kd3 Kc6 25. Kc4 h5 26. Nc3 a6 27. h3 g5 28. f3 f5 29. b4 Bf8 30. a4 Be7 31. b5+ axb5+ 32. axb5+ Kc7 33. Ne2 f4 34. Nd4 e5 35. Nf5 Bf6 36. Kd5 Kb6 37. Ke6 Bd8 38. Kxe5 Kxb5 39. Nd4+ Kc4 40. Ne6 Be7 41. h4 g4 42. Ng5 gxf3 43. gxf3 Bxg5 44. hxg5 1-0

[Event "25th Klatovy B 2017"]
[Site "Klatovy CZE"]
[Date "2017.07.04"]
[Round "4.16"]
[White "Lacha, Jan"]
[Black "Schille, Hannes"]
[Result "1/2-1/2"]
[WhiteElo "1815"]
[BlackElo "1690"]
[PlyCount "103"]
[EventDate "2017.07.01"]
[EventType "swiss"]
[EventRounds "9"]
[EventCountry "CZE"]

1. e4 c5 2. Nc3 Nc6 3. g3 g6 4. Bg2 Bg7 5. f4 d6 6. Nf3 e6 7. d3 Nge7 8. O-O O-O 9. Be3 Nd4 10. e5 dxe5 11. fxe5 Nef5 12. Bxd4 cxd4 13. Ne4 Ne3 14. Qe2 Nxf1 15. Rxf1 Qe7 16. Qf2 Bd7 17. Qxd4 f5 18. exf6 Bxf6 19. Nxf6+ Rxf6 20. Ne5 Rxf1+ 21. Bxf1 Bc6 22. Ng4 Qg7 23. Qd6 Re8 24. Ne5 Qe7 25. Qd4 Rf8 26. Bh3 Re8 27. a3 Qg5 28. Nxc6 bxc6 29. Qf4 Qxf4 30. gxf4 Kf7 31. Kf2 Kf6 32. d4 Rc8 33. Ke3 c5 34. d5 Rb8 35. Bxe6 Rxb2 36. Kd3 Ra2 37. Bg8 Rxa3+ 38. Kc4 Ke7 39. Bxh7 Kd6 40. Bxg6 Ra4+ 41. Kd3 Rxf4 42. c4 Rh4 43. Be8 Rxh2 44. Bb5 Rb2 45. Ke4 Ra2 46. Kd3 a6 47. Be8 Ra3+ 48. Kc2 Re3 49. Bc6 Re7 50. Kb3 a5 51. Ka4 Ra7 52. Bb5 1/2-1/2

[Event "25th Klatovy B 2017"]
[Site "Klatovy CZE"]
[Date "2017.07.04"]
[Round "4.17"]
[White "Chmelik, Ladislav"]
[Black "Kubat, Zbynek"]
[Result "1-0"]
[WhiteElo "1739"]
[BlackElo "1682"]
[PlyCount "133"]
[EventDate "2017.07.01"]
[EventType "swiss"]
[EventRounds "9"]
[EventCountry "CZE"]

1. e4 e5 2. Nc3 Nf6 3. f4 Nc6 4. fxe5 Nxe5 5. d4 Nc6 6. e5 Ng8 7. Nf3 d6 8. Bf4 dxe5 9. dxe5 Qxd1+ 10. Rxd1 Bb4 11. Bc4 h6 12. O-O Be6 13. Bxe6 fxe6 14. Nb5 Rc8 15. Be3 a6 16. Nbd4 Nxd4 17. Bxd4 Ne7 18. c3 Ba5 19. Bc5 Nc6 20. Nh4 Rd8 21. Ng6 Rxd1 22. Rxd1 Rg8 23. h4 h5 24. Nf4 g5 25. Nxh5 Rh8 26. Nf6+ Kf7 27. Rd7+ Kg6 28. h5+ Kf5 29. Rd2 Kxe5 30. Nd7+ Ke4 31. Re2+ Kf5 32. Rf2+ Ke4 33. g4 Bb6 34. Nxb6 cxb6 35. Bxb6 Rh7 36. Kg2 Ne5 37. Kg3 Rf7 38. Re2+ Kd5 39. Bd4 Nc6 40. Be3 Rg7 41. h6 Rg8 42. h7 Rh8 43. Rh2 e5 44. Bxg5 Ke6 45. Be3 Kf7 46. Kf3 Kg6 47. Ke4 Rxh7 48. Rxh7 Kxh7 49. b4 Kg6 50. a4 Kf6 51. b5 axb5 52. axb5 Ne7 53. Bb6 Ke6 54. Bc7 Ng6 55. c4 Kf6 56. Bd8+ Ke6 57. c5 Nf8 58. c6 bxc6 59. bxc6 Ng6 60. c7 Kd7 61. Kf5 Nf8 62. Kxe5 Ne6 63. Kf6 Nf8 64. g5 Nh7+ 65. Kg6 Nf8+ 66. Kf7 Ne6 67. g6 1-0

[Event "25th Klatovy B 2017"]
[Site "Klatovy CZE"]
[Date "2017.07.04"]
[Round "4.18"]
[White "Kovarova, Oxana"]
[Black "Boucek, Vlastimil 1968"]
[Result "0-1"]
[WhiteElo "1740"]
[BlackElo "1677"]
[PlyCount "86"]
[EventDate "2017.07.01"]
[EventType "swiss"]
[EventRounds "9"]
[EventCountry "CZE"]

1. e4 e5 2. Nf3 d6 3. d4 Nd7 4. Bd3 Be7 5. b3 exd4 6. Nxd4 Ne5 7. Bb2 Nxd3+ 8. Qxd3 Bf6 9. Nc3 Ne7 10. O-O O-O 11. f4 Nc6 12. Nxc6 bxc6 13. Rae1 g6 14. Nd1 Bxb2 15. Nxb2 d5 16. e5 Bf5 17. Qd2 Qe7 18. Nd1 Rab8 19. Ne3 Qc5 20. Kh1 Be4 21. c3 Qe7 22. Ng4 Kg7 23. Nf6 Bf5 24. Qf2 h5 25. Qh4 Qd8 26. Rd1 Rh8 27. Qf2 Rb6 28. c4 Be6 29. Qg3 Qc8 30. cxd5 cxd5 31. Nxd5 Bxd5 32. Rxd5 Qa6 33. Rfd1 Qxa2 34. f5 Rxb3 35. f6+ Kh7 36. Qg5 Rb1 37. R5d2 Qa1 38. h3 Rxd1+ 39. Rxd1 Qxd1+ 40. Kh2 Qe2 41. Qf4 Re8 42. Qa4 Qxe5+ 43. Kh1 Rd8 0-1

[Event "25th Klatovy B 2017"]
[Site "Klatovy CZE"]
[Date "2017.07.04"]
[Round "4.19"]
[White "Stanik, Michal"]
[Black "Maly, Jiri"]
[Result "1-0"]
[WhiteElo "1746"]
[BlackElo "1646"]
[PlyCount "75"]
[EventDate "2017.07.01"]
[EventType "swiss"]
[EventRounds "9"]
[EventCountry "CZE"]

1. e4 c5 2. Nf3 Nc6 3. d4 cxd4 4. Nxd4 Nf6 5. Nc3 e5 6. Ndb5 d6 7. Bg5 a6 8. Na3 b5 9. Nd5 Qa5+ 10. Bd2 Qd8 11. Be3 Rb8 12. Qd3 Nxd5 13. exd5 Ne7 14. g3 Nf5 15. Bd2 g6 16. c3 Bg7 17. Be2 O-O 18. h4 Bh6 19. Bxh6 Nxh6 20. Nc2 Bf5 21. Qd2 Ng4 22. h5 Qb6 23. Ne3 Nxe3 24. fxe3 Qb7 25. O-O-O b4 26. c4 Rbc8 27. b3 Be4 28. Rh4 f5 29. hxg6 Rc7 30. gxh7+ Rxh7 31. Rxh7 Qxh7 32. Qxb4 Qc7 33. Rf1 Rb8 34. Qc3 a5 35. Bf3 a4 36. Bxe4 fxe4 37. Rf2 Qg7 38. Qc2 1-0

[Event "25th Klatovy B 2017"]
[Site "Klatovy CZE"]
[Date "2017.07.04"]
[Round "4.20"]
[White "Sova, Zdenek"]
[Black "Svec, Vitezslav"]
[Result "1/2-1/2"]
[WhiteElo "1672"]
[BlackElo "1630"]
[PlyCount "69"]
[EventDate "2017.07.01"]
[EventType "swiss"]
[EventRounds "9"]
[EventCountry "CZE"]

1. Nf3 d5 2. d4 e6 3. c4 Be7 4. Nc3 Nf6 5. Bg5 O-O 6. e3 Nbd7 7. Rc1 c6 8. Qc2 dxc4 9. Bxc4 Nd5 10. Bxe7 Qxe7 11. O-O Nxc3 12. Qxc3 c5 13. h3 cxd4 14. Nxd4 Nf6 15. Rfd1 e5 16. Ne2 Ne4 17. Qe1 Be6 18. Bd3 Nf6 19. b3 Rfd8 20. Ng3 Rac8 21. Nf5 Qf8 22. Rxc8 Bxc8 23. Ng3 Be6 24. Qa5 Rd5 25. Qxa7 Qd8 26. e4 Rd4 27. Qxb7 Nxe4 28. Nxe4 Bd5 29. Nf6+ gxf6 30. Bxh7+ Kxh7 31. Rxd4 exd4 32. Qb5 Be6 33. Qd3+ Kg7 34. h4 Qd5 35. g3 1/2-1/2